[Event "NB II. Toth Laszlo csoport"]
[Site "Kiskunfelegyhaza"]
[Date "2024.03.03"]
[Round "5.2"]
[White "Vilagos, Nandor"]
[Black "Abel, Lajos"]
[Result "1/2-1/2"]
[WhiteElo "2024"]
[BlackElo "2183"]
[PlyCount "57"]
[EventDate "2023.10.08"]
[EventType "team-tourn"]
[EventRounds "9"]
[EventCountry "HUN"]
[Source "chess.hu"]
[WhiteTeam "Felegyhaza-Csongrad"]
[BlackTeam "Neumann J. Egyetem"]
[WhiteTeamCountry "HUN"]
[BlackTeamCountry "HUN"]

1. e4 c6 2. d4 d5 3. exd5 cxd5 4. Bd3 Nc6 5. c3 e5 6. dxe5 Nxe5 7. Be2 Nf6 8.
Nf3 Bd6 9. Bg5 Be6 10. Nbd2 O-O 11. Nxe5 Bxe5 12. Nf3 Bc7 13. Qd4 Re8 14. O-O
Bf5 15. Bxf6 gxf6 16. Qd2 Qd6 17. Rfe1 Re7 18. Bd3 Rxe1+ 19. Rxe1 Bg6 20. g3
Bb6 21. Nh4 Qd7 22. Qe2 d4 23. Rd1 Rd8 24. Nxg6 hxg6 25. cxd4 Bxd4 26. b3 Kg7
27. Qf3 b6 28. Kg2 Bc5 29. Be2 1/2-1/2

[Event "NB II. Toth Laszlo csoport"]
[Site "Kiskunfelegyhaza"]
[Date "2024.03.03"]
[Round "5.3"]
[White "Panda, Barnabas"]
[Black "Varadi, Laszlo"]
[Result "1-0"]
[WhiteElo "2066"]
[BlackElo "1992"]
[PlyCount "83"]
[EventDate "2023.10.08"]
[EventType "team-tourn"]
[EventRounds "9"]
[EventCountry "HUN"]
[Source "chess.hu"]
[WhiteTeam "Neumann J. Egyetem"]
[BlackTeam "Felegyhaza-Csongrad"]
[WhiteTeamCountry "HUN"]
[BlackTeamCountry "HUN"]

1. c4 Nf6 2. g3 g6 3. b3 Bg7 4. Bb2 O-O 5. Bg2 d5 6. cxd5 Nxd5 7. Bxg7 Kxg7 8.
d4 c6 9. e4 Qa5+ 10. Qd2 Qxd2+ 11. Kxd2 Nc7 12. Nc3 Nd7 13. f4 Nb6 14. Nge2 a5
15. Nc1 Rd8 16. Ke3 a4 17. Nd3 axb3 18. axb3 Rxa1 19. Rxa1 Na6 20. Na4 Nxa4 21.
bxa4 f6 22. Rb1 e6 23. e5 f5 24. Nc5 Nxc5 25. dxc5 Kf7 26. a5 Rd7 27. Bf3 Ke7
28. Rb6 Kd8 29. h3 h6 30. a6 bxa6 31. Rxc6 Rc7 32. Rd6+ Ke7 33. Kd4 a5 34. c6
a4 35. Kc5 Ra7 36. Kb6 Ra8 37. Rd2 a3 38. Ra2 Ra6+ 39. Kc7 Ra8 40. Bd1 Ke8 41.
Bb3 Ke7 42. Rd2 1-0

[Event "NB II. Toth Laszlo csoport"]
[Site "Kiskunfelegyhaza"]
[Date "2024.03.03"]
[Round "5.4"]
[White "Kemeny, Csaba"]
[Black "Szekeres, Janos"]
[Result "1-0"]
[WhiteElo "2054"]
[BlackElo "1948"]
[PlyCount "77"]
[EventDate "2023.10.08"]
[EventType "team-tourn"]
[EventRounds "9"]
[EventCountry "HUN"]
[Source "chess.hu"]
[WhiteTeam "Felegyhaza-Csongrad"]
[BlackTeam "Neumann J. Egyetem"]
[WhiteTeamCountry "HUN"]
[BlackTeamCountry "HUN"]

1. d4 Nf6 2. f4 d5 3. Nf3 e6 4. e3 c5 5. c3 Nc6 6. Bd3 a6 7. Nbd2 Be7 8. Ne5
Qc7 9. O-O Rb8 10. Qf3 g6 11. Rf2 b5 12. g4 h5 13. gxh5 gxh5 14. Rg2 c4 15. Bc2
Bf8 16. e4 Ne7 17. exd5 Nexd5 18. Ne4 Bb7 19. Qe2 Nxe4 20. Bxe4 Ne7 21. Bd2
Bxe4 22. Qxe4 Qb7 23. Qe2 h4 24. Re1 Rc8 25. Nxf7 Kxf7 26. Qxe6+ Ke8 27. f5 Qc6
28. Qe5 Rh5 29. Bg5 Qxg2+ 30. Kxg2 Rxg5+ 31. Kh3 Rc6 32. d5 Rc5 33. Qe6 Rc7 34.
d6 Rd7 35. f6 Rg6 36. dxe7 Rd3+ 37. Re3 Rxe3+ 38. Qxe3 Bh6 39. Qe6 1-0

[Event "NB II. Toth Laszlo csoport"]
[Site "Kiskunfelegyhaza"]
[Date "2024.03.03"]
[Round "5.6"]
[White "Karsai, Istvan"]
[Black "Lovas, Daniel Dr"]
[Result "1/2-1/2"]
[WhiteElo "1983"]
[BlackElo "2002"]
[PlyCount "20"]
[EventDate "2023.10.08"]
[EventType "team-tourn"]
[EventRounds "9"]
[EventCountry "HUN"]
[Source "chess.hu"]
[WhiteTeam "Felegyhaza-Csongrad"]
[BlackTeam "Neumann J. Egyetem"]
[WhiteTeamCountry "HUN"]
[BlackTeamCountry "HUN"]

1. e4 d6 2. Nc3 g6 3. d4 Bg7 4. Be3 Nf6 5. Be2 O-O 6. g4 Nfd7 7. h4 c5 8. h5
Nc6 9. Nf3 cxd4 10. Nxd4 Nde5 1/2-1/2

[Event "NB II. Toth Laszlo csoport"]
[Site "Kiskunfelegyhaza"]
[Date "2024.03.03"]
[Round "5.7"]
[White "Talmacsi, Jozsef"]
[Black "Szekeres, Sebestyen"]
[Result "1/2-1/2"]
[WhiteElo "2002"]
[BlackElo "1963"]
[PlyCount "56"]
[EventDate "2023.10.08"]
[EventType "team-tourn"]
[EventRounds "9"]
[EventCountry "HUN"]
[Source "chess.hu"]
[WhiteTeam "Neumann J. Egyetem"]
[BlackTeam "Felegyhaza-Csongrad"]
[WhiteTeamCountry "HUN"]
[BlackTeamCountry "HUN"]

1. d4 d5 2. Nf3 e6 3. g3 Nf6 4. Bg2 Be7 5. O-O O-O 6. c4 dxc4 7. Qc2 Nbd7 8.
Qxc4 Nb6 9. Qc2 Bd7 10. Ne5 Rb8 11. e4 Bb5 12. Rd1 c6 13. Nc3 Ba6 14. b3 Rc8
15. Bf4 Re8 16. Qb2 Bf8 17. Rd2 Qe7 18. Nd3 Bxd3 19. Rxd3 Red8 20. Rad1 h6 21.
h4 Qb4 22. Qe2 Rd7 23. Be3 Rcd8 24. Bf3 Qa5 25. Qc2 Be7 26. Ne2 Nc8 27. Bd2 Qb6
28. Be3 Qa5 1/2-1/2

[Event "NB II. Toth Laszlo csoport"]
[Site "Kiskunfelegyhaza"]
[Date "2024.03.03"]
[Round "5.8"]
[White "Kelemen, Sandor"]
[Black "Kovacs, Gabor"]
[Result "0-1"]
[WhiteElo "1941"]
[BlackElo "1990"]
[PlyCount "72"]
[EventDate "2023.10.08"]
[EventType "team-tourn"]
[EventRounds "9"]
[EventCountry "HUN"]
[Source "chess.hu"]
[WhiteTeam "Felegyhaza-Csongrad"]
[BlackTeam "Neumann J. Egyetem"]
[WhiteTeamCountry "HUN"]
[BlackTeamCountry "HUN"]

1. e4 c5 2. Nc3 e6 3. Bc4 a6 4. a4 Qc7 5. Nf3 Nf6 6. O-O d6 7. d3 Be7 8. h3 O-O
9. Qe2 Nc6 10. Be3 b6 11. d4 cxd4 12. Nxd4 Bb7 13. f4 Rfe8 14. f5 Nxd4 15. Bxd4
d5 16. exd5 exd5 17. Bd3 Bc5 18. Qf2 Ne4 19. Nxe4 Bxd4 20. Qxd4 dxe4 21. Be2
Rad8 22. Qc4 Qe5 23. Rad1 e3 24. Qh4 f6 25. c3 Rd2 26. Qh5 Red8 27. Rfe1 Qg3
28. Qg4 Qf2+ 29. Kh2 h6 30. Rxd2 Rxd2 31. Bc4+ Kh8 32. Re2 Rxe2 33. Bxe2 a5 34.
Bc4 Qxb2 35. Qg6 Bc6 36. Qf7 Qxg2# 0-1

[Event "NB II. Toth Laszlo csoport"]
[Site "Kiskunfelegyhaza"]
[Date "2024.03.03"]
[Round "5.9"]
[White "Szabo, Balazs"]
[Black "Hideg, Ferenc Bendeguz"]
[Result "1/2-1/2"]
[WhiteElo "1773"]
[BlackElo "1872"]
[PlyCount "74"]
[EventDate "2023.10.08"]
[EventType "team-tourn"]
[EventRounds "9"]
[EventCountry "HUN"]
[Source "chess.hu"]
[WhiteTeam "Neumann J. Egyetem"]
[BlackTeam "Felegyhaza-Csongrad"]
[WhiteTeamCountry "HUN"]
[BlackTeamCountry "HUN"]

1. d4 f5 2. Bf4 Nf6 3. e3 g6 4. Nf3 Bg7 5. c3 d6 6. Bc4 e6 7. Qb3 Qe7 8. Ng5 d5
9. Be2 O-O 10. Nd2 Ne4 11. Ndxe4 fxe4 12. h4 h6 13. Nh3 c6 14. Bg3 Nd7 15. Nf4
Qf7 16. h5 g5 17. Ng6 Re8 18. Bg4 Nf8 19. Ne5 Bxe5 20. Bxe5 Nd7 21. Bg3 Nf6 22.
Be2 Nd7 23. O-O e5 24. f4 gxf4 25. exf4 exd4 26. cxd4 Nf6 27. f5 Kh7 28. Qd1
Rg8 29. Be5 Bd7 30. Kh2 Rg5 31. g4 Rag8 32. Kh3 Qe7 33. Bg3 a5 34. Bh4 R5g7 35.
Qb3 b5 36. Qe3 Qd6 37. Rf4 Bc8 1/2-1/2

[Event "NB II. Toth Laszlo csoport"]
[Site "Kiskunfelegyhaza"]
[Date "2024.03.03"]
[Round "5.10"]
[White "Hideg, Istvan Benjamin"]
[Black "Panda, Gyorgy"]
[Result "1-0"]
[WhiteElo "1836"]
[BlackElo "1717"]
[PlyCount "95"]
[EventDate "2023.10.08"]
[EventType "team-tourn"]
[EventRounds "9"]
[EventCountry "HUN"]
[Source "chess.hu"]
[WhiteTeam "Felegyhaza-Csongrad"]
[BlackTeam "Neumann J. Egyetem"]
[WhiteTeamCountry "HUN"]
[BlackTeamCountry "HUN"]

1. e4 c5 2. Nf3 e6 3. d4 cxd4 4. Nxd4 a6 5. c4 Nf6 6. Bd3 Qc7 7. O-O d6 8. Nc3
Nbd7 9. f4 b6 10. Qf3 Bb7 11. Be3 Be7 12. Rac1 O-O 13. g4 h6 14. h4 Nc5 15. Bb1
Rad8 16. b4 Ncd7 17. g5 hxg5 18. hxg5 Nh7 19. Qh3 g6 20. Kf2 Rfe8 21. Nxe6 fxe6
22. Qxe6+ Kg7 23. Bd4+ Bf6 24. gxf6+ Ndxf6 25. Nd5 Bxd5 26. Qxd5 Kf8 27. Bxf6
Nxf6 28. Qd4 Qg7 29. Rfd1 Qh8 30. Kg2 Qh4 31. Qf2 Qxf2+ 32. Kxf2 Nxe4+ 33. Kf3
Nf6 34. Bxg6 Re7 35. Re1 d5 36. Rxe7 Kxe7 37. c5 bxc5 38. bxc5 Kd7 39. Bd3 a5
40. a4 Kc7 41. f5 Rg8 42. Kf4 Rg4+ 43. Ke5 Nd7+ 44. Ke6 Rxa4 45. c6 Nb6 46. f6
Rf4 47. f7 Rf3 48. Bf5 1-0

[Event "NB II. Toth Laszlo csoport"]
[Site "Szeged"]
[Date "2024.03.03"]
[Round "5.1"]
[White "Farkas, Tibor"]
[Black "Tapodi, Norman Lajos"]
[Result "1/2-1/2"]
[WhiteElo "2203"]
[BlackElo "2101"]
[PlyCount "57"]
[EventDate "2023.10.08"]
[EventType "team-tourn"]
[EventRounds "9"]
[EventCountry "HUN"]
[Source "chess.hu"]
[WhiteTeam "Duocor-Makoi SVSE II"]
[BlackTeam "Meritum Egyesulet"]
[WhiteTeamCountry "HUN"]
[BlackTeamCountry "HUN"]

1. e4 c5 2. Nf3 d6 3. c3 Nf6 4. h3 e5 5. Bd3 Be7 6. Bc2 Nc6 7. d3 d5 8. Nbd2
Be6 9. Ng5 Bc8 10. Ngf3 Be6 11. Qe2 d4 12. Nf1 b5 13. Ng3 g6 14. O-O Nd7 15.
Bh6 dxc3 16. bxc3 Qa5 17. Qd2 f6 18. Rfd1 Nb6 19. Qe1 Rd8 20. Bd2 Qa6 21. Be3
O-O 22. d4 cxd4 23. cxd4 exd4 24. Nxd4 Nxd4 25. Bxd4 Nc4 26. Bb3 Rd7 27. Bc3
Rxd1 28. Rxd1 Rd8 29. Rxd8+ 1/2-1/2

[Event "NB II. Toth Laszlo csoport"]
[Site "Szeged"]
[Date "2024.03.03"]
[Round "5.2"]
[White "Varga, Gabor"]
[Black "Mokcsay, Robert"]
[Result "0-1"]
[WhiteElo "1959"]
[BlackElo "2234"]
[PlyCount "48"]
[EventDate "2023.10.08"]
[EventType "team-tourn"]
[EventRounds "9"]
[EventCountry "HUN"]
[Source "chess.hu"]
[WhiteTeam "Meritum Egyesulet"]
[BlackTeam "Duocor-Makoi SVSE II"]
[WhiteTeamCountry "HUN"]
[BlackTeamCountry "HUN"]

1. e4 c6 2. d4 d5 3. e5 Bf5 4. Bd3 Bxd3 5. Qxd3 e6 6. Ne2 h5 7. c3 Qb6 8. O-O
Ne7 9. Na3 Nf5 10. Nc2 Qa6 11. Qf3 Be7 12. Nf4 Nd7 13. Nxh5 g6 14. Ng3 O-O-O
15. Nxf5 gxf5 16. Bf4 Nf8 17. Ne1 Ng6 18. Bg3 Rdg8 19. Nd3 Bg5 20. Kh1 Qb6 21.
Rab1 Qd8 22. Rg1 Qf8 23. Nf4 Nxf4 24. Bxf4 Qh6 0-1

[Event "NB II. Toth Laszlo csoport"]
[Site "Szeged"]
[Date "2024.03.03"]
[Round "5.3"]
[White "Joo, Janos"]
[Black "Berczi, Peter"]
[Result "1-0"]
[WhiteElo "2072"]
[BlackElo "1981"]
[PlyCount "91"]
[EventDate "2023.10.08"]
[EventType "team-tourn"]
[EventRounds "9"]
[EventCountry "HUN"]
[Source "chess.hu"]
[WhiteTeam "Duocor-Makoi SVSE II"]
[BlackTeam "Meritum Egyesulet"]
[WhiteTeamCountry "HUN"]
[BlackTeamCountry "HUN"]

1. g3 Nf6 2. Bg2 g6 3. c4 Bg7 4. Nc3 O-O 5. d4 d6 6. Nf3 Nc6 7. O-O e5 8. d5
Ne7 9. Qc2 Bf5 10. e4 Bd7 11. Ne1 Nh5 12. Nd3 f5 13. f3 Kh8 14. Bd2 Ng8 15. Qc1
Rf7 16. b4 Qf8 17. c5 Bh6 18. Bxh6 Nxh6 19. Qd2 f4 20. g4 Bxg4 21. fxg4 Nxg4
22. Bf3 Ne3 23. Rfe1 Qh6 24. Nd1 Nc4 25. Qe2 Nf6 26. N3f2 b5 27. a4 g5 28. h3
Qh4 29. axb5 h5 30. Qxc4 g4 31. hxg4 Qg3+ 32. Kf1 hxg4 33. Bxg4 Nxg4 34. Nxg4
Rh7 35. Ke2 Qxg4+ 36. Kd2 Qg3 37. Rf1 Rh2+ 38. Kc1 f3 39. Ra3 Qf4+ 40. Kb1 f2
41. Ra2 Qf3 42. Raxf2 Rxf2 43. Nxf2 Rf8 44. Rh1+ Kg8 45. Rg1+ Kh8 46. Qd3 1-0

[Event "NB II. Toth Laszlo csoport"]
[Site "Szeged"]
[Date "2024.03.03"]
[Round "5.4"]
[White "Havasi, Gergely Bulcsu"]
[Black "Restas, Peter"]
[Result "1/2-1/2"]
[WhiteElo "1900"]
[BlackElo "2034"]
[PlyCount "77"]
[EventDate "2023.10.08"]
[EventType "team-tourn"]
[EventRounds "9"]
[EventCountry "HUN"]
[Source "chess.hu"]
[WhiteTeam "Meritum Egyesulet"]
[BlackTeam "Duocor-Makoi SVSE II"]
[WhiteTeamCountry "HUN"]
[BlackTeamCountry "HUN"]

1. e4 c5 2. Nf3 d6 3. c3 Nf6 4. Be2 g6 5. O-O Bg7 6. d3 O-O 7. Re1 b6 8. Bf4
Bb7 9. Nbd2 Nbd7 10. Qc2 Rc8 11. Rad1 d5 12. Bf1 Nh5 13. Bg3 Nxg3 14. hxg3 e5
15. exd5 Bxd5 16. c4 Bc6 17. Ne4 f6 18. Nc3 Rf7 19. Nd2 Nf8 20. Be2 Ne6 21. Nb3
Nd4 22. Nxd4 cxd4 23. Nb1 b5 24. b3 bxc4 25. bxc4 Qd7 26. Nd2 Bh6 27. Bf3 Bxd2
28. Bxc6 Qxc6 29. Qxd2 Rb8 30. Rb1 Rfb7 31. Qc2 a5 32. Rxb7 Qxb7 33. Rc1 Qb2
34. Kf1 Qxc2 35. Rxc2 Kf7 36. Ke2 Ke6 37. Kd1 Rb1+ 38. Rc1 Rb2 39. Rc2 1/2-1/2

[Event "NB II. Toth Laszlo csoport"]
[Site "Szeged"]
[Date "2024.03.03"]
[Round "5.5"]
[White "Csikos, Mihaly"]
[Black "Vadkerti, Vince"]
[Result "1-0"]
[WhiteElo "2041"]
[BlackElo "1884"]
[PlyCount "61"]
[EventDate "2023.10.08"]
[EventType "team-tourn"]
[EventRounds "9"]
[EventCountry "HUN"]
[Source "chess.hu"]
[WhiteTeam "Duocor-Makoi SVSE II"]
[BlackTeam "Meritum Egyesulet"]
[WhiteTeamCountry "HUN"]
[BlackTeamCountry "HUN"]

1. e4 c5 2. c3 Nf6 3. d3 Nc6 4. g3 g6 5. Bg2 Bg7 6. Ne2 O-O 7. O-O d6 8. d4
cxd4 9. cxd4 e5 10. d5 Ne7 11. Qb3 Nd7 12. Be3 f5 13. f3 fxe4 14. fxe4 Rxf1+
15. Bxf1 Nf6 16. Nbc3 Ng4 17. Bd2 Qf8 18. Bg2 Qf2+ 19. Kh1 Ne3 20. Bxe3 Qxe3
21. Ng1 Qc5 22. Qb5 Bf6 23. Qe8+ Kg7 24. Rf1 Ng8 25. Rxf6 Nxf6 26. Qe7+ Kg8 27.
Qxf6 Bd7 28. Qe7 Bb5 29. Bh3 Re8 30. Be6+ Kh8 31. Qf6# 1-0

[Event "NB II. Toth Laszlo csoport"]
[Site "Szeged"]
[Date "2024.03.03"]
[Round "5.6"]
[White "Farkas, Sandor"]
[Black "Diamant, Tibor"]
[Result "1-0"]
[WhiteElo "1944"]
[BlackElo "1956"]
[PlyCount "133"]
[EventDate "2023.10.08"]
[EventType "team-tourn"]
[EventRounds "9"]
[EventCountry "HUN"]
[Source "chess.hu"]
[WhiteTeam "Meritum Egyesulet"]
[BlackTeam "Duocor-Makoi SVSE II"]
[WhiteTeamCountry "HUN"]
[BlackTeamCountry "HUN"]

1. b3 e5 2. Bb2 Nc6 3. e3 Nf6 4. Nf3 d6 5. Be2 Bg4 6. d3 Be7 7. Nbd2 Qd7 8. c4
O-O 9. a3 a5 10. O-O h6 11. Qc2 b6 12. Rfe1 Rfe8 13. Nf1 Bf8 14. h3 Bf5 15. Ng3
Bh7 16. Nd2 Ne7 17. Bf3 Ra7 18. b4 c5 19. Bc3 Nc6 20. b5 Nd8 21. Nde4 Be7 22.
Rad1 Qc7 23. Qa2 Nxe4 24. Nxe4 Bf6 25. Qb2 Ne6 26. Ng3 Rd8 27. Bd5 Bg6 28. Ne2
Qe7 29. f4 Nc7 30. Bc6 exf4 31. Nxf4 Bxc3 32. Qxc3 Qg5 33. Rf1 Ne8 34. Rde1 Nf6
35. Qd2 Re7 36. Qf2 Rf8 37. h4 Qg4 38. Bf3 Qd7 39. Qg3 Bf5 40. Bc6 Qc8 41. e4
Be6 42. Ne2 Nh5 43. Qxd6 Qc7 44. Qxc7 Rxc7 45. Nc3 Nf6 46. e5 Nd7 47. Nd5 Ra7
48. Re3 Rb8 49. Nf4 Nf8 50. Rg3 Rd8 51. Nh5 Ng6 52. Nxg7 Kxg7 53. h5 Re7 54.
Be4 Kh8 55. hxg6 fxg6 56. Rxg6 Bf7 57. Rxh6+ Kg8 58. Rf5 Kg7 59. Rh4 Rg8 60.
Rg4+ Kf8 61. Rxg8+ Kxg8 62. Rf6 Rxe5 63. Rxb6 Bxc4 64. Rb8+ Kg7 65. b6 Bd5 66.
b7 Bxb7 67. Rxb7+ 1-0

[Event "NB II. Toth Laszlo csoport"]
[Site "Szeged"]
[Date "2024.03.03"]
[Round "5.7"]
[White "Kovacs, Arthur Dr"]
[Black "Havasi, Mate Pal"]
[Result "1/2-1/2"]
[WhiteElo "1944"]
[BlackElo "1791"]
[PlyCount "40"]
[EventDate "2023.10.08"]
[EventType "team-tourn"]
[EventRounds "9"]
[EventCountry "HUN"]
[Source "chess.hu"]
[WhiteTeam "Duocor-Makoi SVSE II"]
[BlackTeam "Meritum Egyesulet"]
[WhiteTeamCountry "HUN"]
[BlackTeamCountry "HUN"]

1. d4 e6 2. Nf3 d5 3. c4 Nf6 4. Nc3 c5 5. cxd5 cxd4 6. Nxd4 Nxd5 7. Nxd5 Qxd5
8. e3 Bc5 9. Nb3 Qxd1+ 10. Kxd1 Be7 11. Bd2 Bf6 12. Rc1 O-O 13. Bc3 Rd8+ 14.
Ke1 Bxc3+ 15. Rxc3 Nc6 16. a3 Ne7 17. Be2 Nd5 18. Rd3 Bd7 19. Bf3 Bc6 20. Nd4
Ne7 1/2-1/2

[Event "NB II. Toth Laszlo csoport"]
[Site "Szeged"]
[Date "2024.03.03"]
[Round "5.8"]
[White "Karman, Gergely"]
[Black "Balassy, Gabor"]
[Result "1/2-1/2"]
[WhiteElo "1767"]
[BlackElo "1932"]
[PlyCount "99"]
[EventDate "2023.10.08"]
[EventType "team-tourn"]
[EventRounds "9"]
[EventCountry "HUN"]
[Source "chess.hu"]
[WhiteTeam "Meritum Egyesulet"]
[BlackTeam "Duocor-Makoi SVSE II"]
[WhiteTeamCountry "HUN"]
[BlackTeamCountry "HUN"]

1. e4 c6 2. d4 d5 3. exd5 cxd5 4. c4 Nf6 5. Nc3 Nc6 6. Bf4 a6 7. Nf3 e6 8. Be2
Bb4 9. O-O Bxc3 10. bxc3 dxc4 11. Bxc4 b5 12. Bd3 Nd5 13. Be4 Bb7 14. Bd2 Na5
15. Ne5 Nc4 16. Nxc4 bxc4 17. Qg4 Nf6 18. Qxg7 Rg8 19. Qxg8+ Nxg8 20. Bxb7 Ra7
21. Bc6+ Kf8 22. d5 Qd6 23. Be3 Re7 24. Rfd1 Nf6 25. Bh6+ Kg8 26. Rd4 exd5 27.
Bxd5 Qa3 28. Rb1 Qb2 29. Rf1 Qxc3 30. Rxc4 Qd3 31. Rc8+ Re8 32. Rxe8+ Nxe8 33.
Re1 Qb5 34. Bc4 Qc6 35. Re7 Nd6 36. Re5 Ne8 37. g3 Qxh6 38. Rxe8+ Kg7 39. Re4
Qc1+ 40. Kg2 f6 41. h4 Kf8 42. Kh2 a5 43. Rf4 Ke7 44. a4 Qc3 45. Bb5 Kd6 46.
Kg2 Ke5 47. Kh2 Qc5 48. Kg2 Qd5+ 49. Kh2 h6 50. Kg1 1/2-1/2

[Event "NB II. Toth Laszlo csoport"]
[Site "Szeged"]
[Date "2024.03.03"]
[Round "5.9"]
[White "Nagy Dani, Karoly"]
[Black "Havasi, Huba Laszlo"]
[Result "1-0"]
[WhiteElo "1869"]
[BlackElo "1789"]
[PlyCount "69"]
[EventDate "2023.10.08"]
[EventType "team-tourn"]
[EventRounds "9"]
[EventCountry "HUN"]
[Source "chess.hu"]
[WhiteTeam "Duocor-Makoi SVSE II"]
[BlackTeam "Meritum Egyesulet"]
[WhiteTeamCountry "HUN"]
[BlackTeamCountry "HUN"]

1. d4 e6 2. Bf4 d5 3. e3 c5 4. Nc3 Nc6 5. Nb5 Kd7 6. Nf3 a6 7. Nc3 Nf6 8. Ne5+
Ke8 9. Be2 Bd6 10. O-O Qc7 11. Nxc6 Bxf4 12. exf4 bxc6 13. dxc5 Qxf4 14. b3 Ke7
15. Qd3 Nd7 16. Na4 a5 17. c3 Ba6 18. Qc2 Bb5 19. c4 Bxa4 20. cxd5 cxd5 21.
bxa4 Rac8 22. c6 Qd6 23. Bb5 Nb8 24. Rac1 Rc7 25. Qc3 f6 26. Qxa5 Nxc6 27. Bxc6
Rxc6 28. Rxc6 Qxc6 29. Qa7+ Qd7 30. Qc5+ Kf7 31. a5 Ra8 32. Rb1 Ra7 33. Qb6 Ke7
34. a6 Qc7 35. Qxa7 1-0

[Event "NB II. Toth Laszlo csoport"]
[Site "Szeged"]
[Date "2024.03.03"]
[Round "5.10"]
[White "Fabian, Istvan"]
[Black "Gyori, Gabor"]
[Result "0-1"]
[WhiteElo "1804"]
[BlackElo "1912"]
[PlyCount "126"]
[EventDate "2023.10.08"]
[EventType "team-tourn"]
[EventRounds "9"]
[EventCountry "HUN"]
[Source "chess.hu"]
[WhiteTeam "Meritum Egyesulet"]
[BlackTeam "Duocor-Makoi SVSE II"]
[WhiteTeamCountry "HUN"]
[BlackTeamCountry "HUN"]

1. Nf3 d5 2. b3 Nf6 3. Bb2 e6 4. g3 c5 5. d3 Nc6 6. Nbd2 Be7 7. Bg2 O-O 8. O-O
Qc7 9. Re1 Rd8 10. e4 d4 11. a4 e5 12. Nc4 Be6 13. Nfd2 Nd7 14. Rf1 Bg5 15. Qh5
Bxd2 16. Nxd2 Qa5 17. Qe2 f6 18. f4 Rf8 19. f5 Bf7 20. g4 Rfe8 21. Rf3 Nf8 22.
Raf1 Nb4 23. Nc4 Bxc4 24. dxc4 Nc6 25. g5 Qd8 26. gxf6 Qxf6 27. Rg3 Re7 28. Bc1
Rd7 29. Bg5 Qf7 30. Bh3 Rd6 31. Bg4 Nd8 32. h4 Qc7 33. Qg2 h6 34. Bc1 Rf6 35.
Bh5 Qe7 36. Kh2 Rc8 37. Rg1 Rc7 38. Bg6 Nxg6 39. Rxg6 Rxg6 40. Qxg6 Qxh4+ 41.
Kg2 Qxe4+ 42. Kf1 Rf7 43. f6 Qxg6 44. Rxg6 Rxf6+ 45. Rxf6 gxf6 46. Bxh6 Kf7 47.
Ke2 f5 48. Bg5 Ne6 49. Bh4 Kg6 50. Be7 f4 51. b4 cxb4 52. Bxb4 Kf5 53. c3 Ke4
54. cxd4 Nxd4+ 55. Kf2 a6 56. Bd6 Nc6 57. Bc5 Kd3 58. Bd6 Kxc4 59. Kf3 b5 60.
axb5 axb5 61. Ke4 b4 62. Bxe5 Nxe5 63. Kxe5 b3 0-1

[Event "NB II. Toth Laszlo csoport"]
[Site "Szeged"]
[Date "2024.03.03"]
[Round "5.11"]
[White "Gyori, Balint"]
[Black "Vad, Roland Tibor"]
[Result "1/2-1/2"]
[WhiteElo "1726"]
[BlackElo "1710"]
[PlyCount "88"]
[EventDate "2023.10.08"]
[EventType "team-tourn"]
[EventRounds "9"]
[EventCountry "HUN"]
[Source "chess.hu"]
[WhiteTeam "Duocor-Makoi SVSE II"]
[BlackTeam "Meritum Egyesulet"]
[WhiteTeamCountry "HUN"]
[BlackTeamCountry "HUN"]

1. Nf3 c5 2. c4 Nf6 3. Nc3 d5 4. cxd5 Nxd5 5. e3 Nc6 6. d4 cxd4 7. Nxd4 Nxc3 8.
bxc3 e5 9. Nxc6 Qxd1+ 10. Kxd1 bxc6 11. Be2 Bf5 12. Ba6 Rd8+ 13. Ke2 Rb8 14.
Bc4 Bc5 15. f3 e4 16. Bb3 O-O 17. h3 Rfd8 18. f4 h5 19. Rd1 Rxd1 20. Kxd1 Rd8+
21. Ke2 Rd6 22. Rb1 Bb6 23. Bc4 Be6 24. Bxe6 Rxe6 25. Ba3 c5 26. Rd1 g6 27. Rd5
Rc6 28. g4 hxg4 29. hxg4 f6 30. Rd7 Kf8 31. Rd5 Kf7 32. c4 Ke7 33. g5 f5 34.
Bb2 Rd6 35. Bf6+ Kd7 36. Re5 Re6 37. Rd5+ Rd6 38. Re5 Re6 39. Rxe6 Kxe6 40. Bc3
Kd6 41. Kd2 Kc6 42. Kc2 Kb7 43. Kb3 a6 44. Ka4 Kc6 1/2-1/2

[Event "NB II. Toth Laszlo csoport"]
[Site "Szeged"]
[Date "2024.03.03"]
[Round "5.12"]
[White "Bodicsi, Barna"]
[Black "Kralik, Attila"]
[Result "1-0"]
[WhiteElo "1761"]
[BlackElo "1767"]
[PlyCount "77"]
[EventDate "2023.10.08"]
[EventType "team-tourn"]
[EventRounds "9"]
[EventCountry "HUN"]
[Source "chess.hu"]
[WhiteTeam "Meritum Egyesulet"]
[BlackTeam "Duocor-Makoi SVSE II"]
[WhiteTeamCountry "HUN"]
[BlackTeamCountry "HUN"]

1. e4 d6 2. d4 g6 3. Nf3 Bg7 4. b3 Nf6 5. Nbd2 O-O 6. Bb2 Nc6 7. c4 Bg4 8. h3
Bxf3 9. Qxf3 e5 10. d5 Nd4 11. Bxd4 exd4 12. Bd3 Nd7 13. O-O Ne5 14. Qe2 c5 15.
f4 Nd7 16. Rae1 Qe7 17. Nf3 Rae8 18. g4 f6 19. g5 f5 20. Qg2 fxe4 21. Rxe4 Qf7
22. Nd2 Nb6 23. Be2 Nc8 24. Bg4 Rxe4 25. Nxe4 Qe7 26. Be6+ Kh8 27. Qg4 Nb6 28.
h4 d3 29. h5 Bd4+ 30. Kg2 Kg7 31. hxg6 Rh8 32. Rh1 Kf8 33. Qf5+ Ke8 34. Nf6+
Kd8 35. Rxh7 Rxh7 36. gxh7 d2 37. h8=Q+ Kc7 38. Qfh7 Bxf6 39. gxf6 1-0

[Event "NB II. Toth Laszlo csoport"]
[Site "Kecskemet"]
[Date "2024.03.03"]
[Round "5.1"]
[White "Samu, Gabor Jr"]
[Black "Keresztes, Richard"]
[Result "1-0"]
[WhiteElo "2328"]
[BlackElo "2190"]
[PlyCount "59"]
[EventDate "2023.10.08"]
[EventType "team-tourn"]
[EventRounds "9"]
[EventCountry "HUN"]
[Source "chess.hu"]
[WhiteTeam "Bekesi TE"]
[BlackTeam "TAKISZ SE"]
[WhiteTeamCountry "HUN"]
[BlackTeamCountry "HUN"]

1. d4 Nf6 2. c4 g6 3. g3 Bg7 4. Bg2 d6 5. Nc3 O-O 6. Nf3 Nc6 7. d5 Na5 8. b3 c5
9. Bb2 a6 10. O-O Bd7 11. a4 Ne8 12. Qc2 Nc7 13. Nd2 b6 14. e3 Qc8 15. Rfe1 Bf5
16. e4 Bh3 17. Nd1 Bxg2 18. Bxg7 Kxg7 19. Kxg2 e5 20. Ne3 Nb7 21. f4 f6 22. h4
Kf7 23. Rf1 Ke7 24. Rf2 Rf7 25. Raf1 Qd7 26. fxe5 dxe5 27. Qc3 Qd6 28. Ng4 Raf8
29. Nh6 Rg7 30. Nf3 1-0